Preludia kytara /

Hlavní autor: Fischer, Jan F., 1921-2006
Další autoři: Zelenka, Milan, 1939-
Jazyk: Nelze použít, není lingvistický obsah
Vydáno: Praha : Supraphon, 1974
Vydání: 1. vyd.
Edice: Kytarová sóla
Fyzický popis: 11 s.
Hudebniny Hudebniny
Uloženo v:
LEADER 00834ncm a22002532a 4500
001 001213042
003 CZ BrMZK
005 20120516112627.0
007 qu
008 120516s1974 xr |||||||||||||||||zxx d
040 |a BOA001  |b cze 
072 7 |a 787  |x Hudba pro strunné a smyčcové nástroje  |2 Konspekt  |9 9 
100 1 |a Fischer, Jan F.,  |d 1921-2006  |7 jk01031264  |4 cmp 
245 1 0 |a Preludia  |h [hudebnina] :  |b kytara /  |c Jan František Fischer ; rev. Milan Zelenka 
250 |a 1. vyd. 
260 |a Praha :  |b Supraphon,  |c 1974 
300 |a 11 s. 
490 1 |a Kytarová sóla ;  |v 35 
700 1 |a Zelenka, Milan,  |d 1939-  |7 jn19990010037  |4 edt 
830 0 |a Kytarová sóla 
910 |a BOA001  |b Mus4-0735.230 
990 |a MU 
991 |b 201205 
996 6 |b 2619089901  |c Mus4-0735.230  |l MZK  |r Sklad / do 1 hodiny  |n 0  |w 001246845  |u 000010  |a 1  |e BOA001  |j MZK50  |s P